000 00247nam a2200085Ia 4500
245 0 _aEvolution revolution : [from Darwin to DNA]
100 _a WINSTON, Robert London, 2009
_983958
942 _cBK
008 210817s9999 xx 000 0 und d
999 _c307237
_d307237